[Event "DEM U18 2018"]
[Site "Willingen GER"]
[Date "2018.05.23"]
[Round "6"]
[White "Schmidek, Emil"]
[Black "Degenhard, Simon"]
[Result "1-0"]
[Termination "normal"]
[Board "3"]
[WhiteTitle "FM"]
[BlackTitle "FM"]
[WhiteElo "2395"]
[BlackElo "2189"]
[WhiteClock "00:00:38"]
[BlackClock "00:01:37"]
[PlyCount "77"]
[WhiteFideId "12908150"]
[BlackFideId "12944017"]
[EventCountry "GER"]
[EventRounds "9"]
[EventType "swiss"]
[EventDate "2018.05.19"]

1. e4 {[%clk 1:30:58]} 1... c5 {[%clk 1:30:53]} 2. Nf3 {[%clk 1:31:26]} 2... e6
{[%clk 1:31:14]} 3. d4 {[%clk 1:31:52]} 3... cxd4 {[%clk 1:31:39]} 4. Nxd4 {
[%clk 1:32:21]} 4... a6 {[%clk 1:31:58]} 5. Bd3 {[%clk 1:32:47]} 5... Bc5 {
[%clk 1:32:21]} 6. Nb3 {[%clk 1:33:12]} 6... Ba7 {[%clk 1:32:46]} 7. Qe2 {
[%clk 1:33:35]} 7... Nc6 {[%clk 1:32:39]} 8. Nc3 {[%clk 1:33:49]} 8... Nge7 {
[%clk 1:32:32]} 9. Be3 {[%clk 1:34:09]} 9... b5 {[%clk 1:32:07]} 10. O-O-O {
[%clk 1:34:09]} 10... b4 {[%clk 1:30:13]} 11. Na4 {[%clk 1:33:34]} 11... d6 {
[%clk 1:30:11]} 12. Bxa7 12... Rxa7 {[%clk 1:30:08]} 13. Qe3 {[%clk 1:25:09]}
13... Qc7 {[%clk 1:20:01]} 14. Nb6 {[%clk 1:05:31]} 14... Bb7 {[%clk 1:11:31]}
15. Be2 {[%clk 0:54:48]} 15... O-O {[%clk 1:07:07]} 16. Nc4 {[%clk 0:50:50]}
16... Nc8 {[%clk 0:57:34]} 17. Qg3 {[%clk 0:47:21]} 17... Rd8 {[%clk 0:55:20]}
18. f4 {[%clk 0:40:39]} 18... Qe7 {[%clk 0:54:47]} 19. Bf3 {[%clk 0:31:18]}
19... a5 {[%clk 0:52:50]} 20. Nd4 {[%clk 0:28:03]} 20... a4 {[%clk 0:42:08]}
21. Nb5 {[%clk 0:22:13]} 21... Ra8 {[%clk 0:38:37]} 22. e5 {[%clk 0:21:29]}
22... d5 {[%clk 0:37:05]} 23. f5 {[%clk 0:13:51]} 23... Kh8 {[%clk 0:27:32]}
24. Ncd6 {[%clk 0:10:22]} 24... N6a7 {[%clk 0:20:22]} 25. f6 {[%clk 0:03:09]}
25... gxf6 {[%clk 0:20:31]} 26. Bh5 {[%clk 0:02:53]} 26... Rf8 {[%clk 0:14:30]}
27. Rdf1 {[%clk 0:01:30]} 27... f5 {[%clk 0:14:10]} 28. Nxa7 {[%clk 0:00:36]}
28... Nxd6 {[%clk 0:13:14]} 29. exd6 {[%clk 0:00:35]} 29... Qf6 {[%clk 0:08:55]
} 30. Nb5 {[%clk 0:00:40]} 30... Qh6+ {[%clk 0:07:47]} 31. Kb1 {[%clk 0:00:53]}
31... Qxh5 {[%clk 0:07:16]} 32. Qe5+ {[%clk 0:01:10]} 32... f6 {[%clk 0:07:18]}
33. Qxe6 {[%clk 0:01:29]} 33... Ba6 {[%clk 0:05:01]} 34. Rxf5 {[%clk 0:00:57]}
34... Rae8 {[%clk 0:04:41]} 35. Qxd5 {[%clk 0:00:33]} 35... Qxh2 { [%clk
0:03:11]} 36. Qd1 {[%clk 0:00:39]} 36... Qxg2 {[%clk 0:03:13]} 37. Qh5 { [%clk
0:00:37]} 37... Qg7 {[%clk 0:03:22]} 38. Nc7 {[%clk 0:00:38]} 38... b3 { [%clk
0:01:37]} 39. Nxe8 {[%clk 0:00:38]} 1-0

[Event "DEM U18 2018"]
[Site "Willingen GER"]
[Date "2018.05.23"]
[Round "6"]
[White "Rieß, Alexander"]
[Black "Ewert, Hannes"]
[Result "1-0"]
[Termination "normal"]
[Board "5"]
[WhiteTitle "FM"]
[BlackTitle "FM"]
[WhiteElo "2279"]
[BlackElo "2312"]
[WhiteClock "00:03:22"]
[BlackClock "00:07:09"]
[PlyCount "165"]
[WhiteFideId "12953326"]
[BlackFideId "12961574"]
[EventCountry "GER"]
[EventRounds "9"]
[EventType "swiss"]
[EventDate "2018.05.19"]

1. d4 {[%clk 1:30:58]} 1... Nf6 {[%clk 1:30:38]} 2. c4 {[%clk 1:31:20]} 2... e6
{[%clk 1:30:52]} 3. Nc3 {[%clk 1:31:20]} 3... Bb4 {[%clk 1:31:17]} 4. Qc2 {
[%clk 1:31:20]} 4... O-O {[%clk 1:31:17]} 5. a3 {[%clk 1:31:16]} 5... Bxc3+ {
[%clk 1:31:42]} 6. Qxc3 {[%clk 1:31:37]} 6... Ne4 7. Qc2 {[%clk 1:31:05]} 7...
f5 {[%clk 1:32:31]} 8. Nh3 {[%clk 1:31:07]} 8... d6 {[%clk 1:32:41]} 9. f3 {
[%clk 1:30:58]} 9... Nf6 10. e3 {[%clk 1:30:59]} 10... e5 {[%clk 1:33:32]} 11.
dxe5 {[%clk 1:30:44]} 11... dxe5 {[%clk 1:33:57]} 12. Be2 {[%clk 1:30:58]}
12... a5 13. b3 13... Nc6 {[%clk 1:32:48]} 14. Nf2 {[%clk 1:22:10]} 14... Qe7 {
[%clk 1:32:34]} 15. O-O {[%clk 1:21:54]} 15... Be6 16. Bb2 {[%clk 1:14:10]}
16... Rad8 {[%clk 1:30:26]} 17. Rfe1 {[%clk 1:12:12]} 17... Rd7 {[%clk 1:18:25]
} 18. Bc3 {[%clk 1:09:48]} 18... b6 {[%clk 1:00:23]} 19. Qb2 {[%clk 1:07:18]}
19... Bf7 {[%clk 0:58:41]} 20. b4 {[%clk 1:04:04]} 20... Re8 {[%clk 0:55:15]}
21. f4 {[%clk 0:34:20]} 21... e4 {[%clk 0:50:40]} 22. bxa5 {[%clk 0:29:31]}
22... bxa5 {[%clk 0:45:43]} 23. Qb5 {[%clk 0:29:18]} 23... Qe6 {[%clk 0:44:07]}
24. Rab1 {[%clk 0:27:56]} 24... Ra8 {[%clk 0:40:23]} 25. Qc5 {[%clk 0:24:06]}
25... a4 {[%clk 0:34:41]} 26. Rb5 {[%clk 0:22:59]} 26... Ne7 {[%clk 0:33:57]}
27. Reb1 {[%clk 0:23:07]} 27... Bh5 {[%clk 0:24:05]} 28. Bxf6 {[%clk 0:16:45]}
28... Bxe2 {[%clk 0:24:26]} 29. Bxe7 {[%clk 0:17:01]} 29... Rxe7 { [%clk
0:18:34]} 30. Qxf5 {[%clk 0:16:47]} 30... Qxf5 {[%clk 0:18:45]} 31. Rxf5 {[%clk
0:16:52]} 31... Bxc4 {[%clk 0:19:13]} 32. Rb4 {[%clk 0:15:59]} 32... Bd3 {[%clk
0:18:59]} 33. Rc5 {[%clk 0:15:06]} 33... Ra6 34. Ng4 {[%clk 0:10:31]} 34... Rb6
{[%clk 0:10:02]} 35. Rxa4 {[%clk 0:09:53]} 35... Rb1+ {[%clk 0:07:01] } 36. Kf2
{[%clk 0:10:14]} 36... h6 {[%clk 0:07:09]} 37. Ra7 {[%clk 0:03:51]} 37... Rb2+
{[%clk 0:07:00]} 38. Kg3 {[%clk 0:02:34]} 38... Bf1 {[%clk 0:06:10]} 39. Nf2
{[%clk 0:01:48]} 39... Rb3 {[%clk 0:06:30]} 40. Nd1 {[%clk 0:01:14]} 40... Rd3
{[%clk 0:01:38]} 41. Rc1 {[%clk 0:27:13]} 41... Be2 {[%clk 0:27:06]} 42. Nc3
{[%clk 0:18:39]} 42... Bh5 {[%clk 0:25:49]} 43. Kh4 {[%clk 0:12:15]} 43... Be8
{[%clk 0:20:09]} 44. Ra5 {[%clk 0:09:27]} 44... Bc6 {[%clk 0:18:45]} 45. Rc5
{[%clk 0:09:39]} 45... Ba8 {[%clk 0:16:02]} 46. Re1 {[%clk 0:09:00]} 46... Kf7
{[%clk 0:15:09]} 47. a4 {[%clk 0:08:30]} 47... Kf6 {[%clk 0:11:35]} 48. Nb5
{[%clk 0:06:52]} 48... c6 {[%clk 0:10:18]} 49. Nd4 {[%clk 0:07:14]} 49... Ra7
{[%clk 0:09:59]} 50. a5 {[%clk 0:06:23]} 50... Ra3 {[%clk 0:09:21]} 51. Nxc6
{[%clk 0:04:13]} 51... Rc7 {[%clk 0:09:01]} 52. Ne5 {[%clk 0:04:01]} 52... Rxc5
{[%clk 0:07:52]} 53. Nd7+ {[%clk 0:04:25]} 53... Kf7 {[%clk 0:07:58] } 54. Nxc5
{[%clk 0:04:51]} 54... Rxa5 {[%clk 0:08:24]} 55. Nb3 {[%clk 0:04:48] } 55...
Ra2 {[%clk 0:08:37]} 56. Kg3 {[%clk 0:05:04]} 56... Bd5 {[%clk 0:08:28] } 57.
Nd4 {[%clk 0:05:08]} 57... Rb2 {[%clk 0:06:08]} 58. Re2 {[%clk 0:04:49]} 58...
Rb1 {[%clk 0:05:39]} 59. f5 {[%clk 0:03:06]} 59... Kf6 {[%clk 0:05:11]} 60. Rf2
{[%clk 0:03:09]} 60... Rb7 {[%clk 0:04:39]} 61. Kf4 {[%clk 0:03:21]} 61... Rb1
{[%clk 0:04:16]} 62. g4 {[%clk 0:02:33]} 62... Rh1 {[%clk 0:04:23]} 63. Ne2
{[%clk 0:02:21]} 63... Bb7 {[%clk 0:04:08]} 64. Ng3 {[%clk 0:02:40]} 64... Rg1
{[%clk 0:04:35]} 65. Ne2 {[%clk 0:02:54]} 65... Rh1 {[%clk 0:05:02]} 66. Ng3
{[%clk 0:03:19]} 66... Rg1 {[%clk 0:05:19]} 67. Rb2 {[%clk 0:02:57]} 67... Ba8
{[%clk 0:05:11]} 68. Rb6+ {[%clk 0:03:22]} 68... Kf7 {[%clk 0:05:33]} 69. h3
{[%clk 0:03:32]} 69... Rg2 {[%clk 0:05:41]} 70. Ra6 {[%clk 0:02:35]} 70... Bd5
{[%clk 0:05:20]} 71. Ra7+ {[%clk 0:02:59]} 71... Kf8 {[%clk 0:05:40]} 72. Nh5
{[%clk 0:02:24]} 72... Bf7 {[%clk 0:05:03]} 73. Ra8+ {[%clk 0:02:44]} 73... Ke7
{[%clk 0:05:11]} 74. Nxg7 {[%clk 0:02:40]} 74... Kd6 {[%clk 0:05:15]} 75. Ra6+
{[%clk 0:02:54]} 75... Kd5 {[%clk 0:05:36]} 76. Ra5+ {[%clk 0:03:02]} 76... Kd6
{[%clk 0:05:58]} 77. Kxe4 {[%clk 0:03:08]} 77... h5 {[%clk 0:06:09]} 78. Ra6+
{[%clk 0:03:18]} 78... Kc5 {[%clk 0:06:12]} 79. Kf3 {[%clk 0:03:01]} 79... Bd5+
{[%clk 0:06:20]} 80. e4 {[%clk 0:02:27]} 80... Bxe4+ {[%clk 0:06:40] } 81. Kxe4
{[%clk 0:02:52]} 81... hxg4 {[%clk 0:07:09]} 82. Ne6+ { [%clk 0:02:57]} 82...
Kb5 83. Nc7+ {[%clk 0:03:22]} 1-0

[Event "DEM U18 2018"]
[Site "Willingen GER"]
[Date "2018.05.23"]
[Round "6"]
[White "Schneider, Jana"]
[Black "Polster, Christian"]
[Result "1-0"]
[Termination "normal"]
[Board "6"]
[WhiteTitle "FM"]
[BlackTitle "FM"]
[WhiteElo "2214"]
[BlackElo "2289"]
[WhiteClock "00:49:16"]
[BlackClock "00:15:00"]
[PlyCount "83"]
[WhiteFideId "12924997"]
[BlackFideId "12965081"]
[EventCountry "GER"]
[EventRounds "9"]
[EventType "swiss"]
[EventDate "2018.05.19"]

1. e4 {[%clk 1:30:57]} 1... c5 {[%clk 1:30:50]} 2. Nf3 {[%clk 1:31:19]} 2... d6
{[%clk 1:31:15]} 3. d4 {[%clk 1:31:44]} 3... cxd4 {[%clk 1:31:36]} 4. Nxd4 {
[%clk 1:32:08]} 4... Nf6 {[%clk 1:32:00]} 5. Nc3 {[%clk 1:32:30]} 5... g6 {
[%clk 1:32:20]} 6. Be3 {[%clk 1:32:18]} 6... Bg7 {[%clk 1:32:37]} 7. Bc4 {
[%clk 1:31:01]} 7... O-O {[%clk 1:32:17]} 8. f3 {[%clk 1:31:20]} 8... Nc6 {
[%clk 1:32:35]} 9. Qd2 {[%clk 1:31:33]} 9... Bd7 {[%clk 1:32:23]} 10. O-O-O {
[%clk 1:31:16]} 10... Rc8 {[%clk 1:32:15]} 11. Bb3 {[%clk 1:31:35]} 11... Ne5 {
[%clk 1:32:19]} 12. Kb1 {[%clk 1:31:41]} 12... Nc4 {[%clk 1:31:02]} 13. Bxc4 {
[%clk 1:31:56]} 13... Rxc4 {[%clk 1:31:24]} 14. g4 {[%clk 1:31:21]} 14... b5 {
[%clk 1:24:49]} 15. b3 {[%clk 1:24:07]} 15... Rc5 {[%clk 1:22:37]} 16. Ne6 {
[%clk 1:21:28]} 16... fxe6 {[%clk 1:14:14]} 17. Bxc5 {[%clk 1:21:50]} 17... Qb8
{[%clk 1:01:17]} 18. Bd4 {[%clk 1:15:38]} 18... b4 {[%clk 0:58:27]} 19. Ne2 {
[%clk 1:15:33]} 19... e5 {[%clk 0:54:43]} 20. Be3 {[%clk 1:15:08]} 20... Ne8 {
[%clk 0:54:10]} 21. Rdf1 {[%clk 1:11:56]} 21... Nc7 {[%clk 0:54:10]} 22. h4 {
[%clk 1:11:30]} 22... Rc8 {[%clk 0:52:28]} 23. h5 {[%clk 1:11:04]} 23... Nb5 {
[%clk 0:45:26]} 24. Rc1 {[%clk 1:10:25]} 24... Nc3+ {[%clk 0:40:35]} 25. Nxc3 {
[%clk 1:07:45]} 25... bxc3 {[%clk 0:40:38]} 26. Qd5+ {[%clk 1:03:58]} 26... e6
{[%clk 0:39:08]} 27. Qa5 {[%clk 1:04:22]} 27... Rc6 {[%clk 0:33:45]} 28. Rcd1 {
[%clk 1:03:19]} 28... Qc8 {[%clk 0:32:21]} 29. Rd3 {[%clk 1:02:26]} 29... Bf6 {
[%clk 0:32:10]} 30. hxg6 {[%clk 0:58:27]} 30... hxg6 {[%clk 0:32:07]} 31. Qa3 {
[%clk 0:56:56]} 31... Be7 {[%clk 0:31:10]} 32. Qc1 {[%clk 0:53:55]} 32... d5 {
[%clk 0:22:55]} 33. Qg1 {[%clk 0:53:24]} 33... Qf8 {[%clk 0:18:08]} 34. Qh2 {
[%clk 0:52:34]} 34... Qg7 {[%clk 0:18:23]} 35. exd5 {[%clk 0:52:21]} 35... exd5
{[%clk 0:18:46]} 36. Rxd5 {[%clk 0:52:24]} 36... Be6 {[%clk 0:18:56]} 37. Rxe5
{[%clk 0:51:27]} 37... Bd6 {[%clk 0:18:27]} 38. Bf4 {[%clk 0:50:29]} 38... Rc4
{[%clk 0:14:28]} 39. Rxe6 {[%clk 0:49:16]} 39... Bxf4 {[%clk 0:14:45]} 40. Re8+
{[%clk 0:49:09]} 40... Kf7 {[%clk 0:15:07]} 41. Qe2 {[%clk 0:48:57]} 41... Qd4
{[%clk 0:15:00]} 42. Qe7# {[%clk 0:49:16]} 1-0

[Event "DEM U18 2018"]
[Site "Willingen GER"]
[Date "2018.05.23"]
[Round "6"]
[White "Woelk, Tom-Frederic"]
[Black "Muckle, Julius"]
[Result "1/2-1/2"]
[Termination "normal"]
[Board "7"]
[BlackTitle "FM"]
[WhiteElo "2176"]
[BlackElo "2344"]
[WhiteClock "00:12:57"]
[BlackClock "00:03:38"]
[PlyCount "72"]
[WhiteFideId "12993077"]
[BlackFideId "12942430"]
[EventCountry "GER"]
[EventRounds "9"]
[EventType "swiss"]
[EventDate "2018.05.19"]

1. e4 {[%clk 1:30:59]} 1... e6 {[%clk 1:30:22]} 2. d4 {[%clk 1:31:24]} 2... d5
{[%clk 1:30:51]} 3. Nc3 {[%clk 1:31:49]} 3... Nf6 {[%clk 1:31:18]} 4. e5 {
[%clk 1:32:03]} 4... Nfd7 {[%clk 1:31:44]} 5. Nce2 {[%clk 1:32:30]} 5... c5 {
[%clk 1:32:05]} 6. c3 {[%clk 1:32:56]} 6... Nc6 {[%clk 1:31:58]} 7. f4 { [%clk
1:33:22]} 7... Qb6 {[%clk 1:30:44]} 8. Nf3 {[%clk 1:33:43]} 8... cxd4 { [%clk
1:29:50]} 9. cxd4 {[%clk 1:26:20]} 9... Bb4+ {[%clk 1:30:14]} 10. Bd2 { [%clk
1:25:30]} 10... f6 {[%clk 1:25:03]} 11. Bxb4 {[%clk 1:19:54]} 11... Qxb4+
{[%clk 1:25:15]} 12. Qd2 {[%clk 1:19:45]} 12... Nb6 {[%clk 1:17:38]} 13. a3 {
[%clk 0:52:17]} 13... Qe7 {[%clk 1:14:37]} 14. Nc3 {[%clk 0:47:42]} 14... O-O {
[%clk 1:11:33]} 15. Bd3 {[%clk 0:43:56]} 15... Na5 {[%clk 1:08:35]} 16. Qe2 {
[%clk 0:43:54]} 16... f5 {[%clk 1:00:14]} 17. Nd2 {[%clk 0:42:51]} 17... Bd7 {
[%clk 0:51:21]} 18. O-O {[%clk 0:43:05]} 18... Rac8 {[%clk 0:51:02]} 19. Rac1 {
[%clk 0:41:46]} 19... Nbc4 {[%clk 0:45:02]} 20. Nxc4 {[%clk 0:29:22]} 20...
Nxc4 {[%clk 0:44:46]} 21. Bxc4 {[%clk 0:29:07]} 21... Rxc4 {[%clk 0:45:07]} 22.
Qd2 {[%clk 0:29:29]} 22... Rfc8 {[%clk 0:41:35]} 23. Ne2 {[%clk 0:28:42]} 23...
Bb5 {[%clk 0:28:26]} 24. Rxc4 {[%clk 0:27:51]} 24... Bxc4 {[%clk 0:27:27]} 25.
Rc1 {[%clk 0:27:28]} 25... Rc6 {[%clk 0:24:04]} 26. Rc3 {[%clk 0:22:45]} 26...
a5 {[%clk 0:14:35]} 27. Nc1 {[%clk 0:22:33]} 27... Qc7 {[%clk 0:12:36]} 28. b3
{[%clk 0:19:27]} 28... Ba6 {[%clk 0:12:04]} 29. Na2 {[%clk 0:19:27]} 29... Qb6
{[%clk 0:10:59]} 30. a4 {[%clk 0:19:03]} 30... Qd8 {[%clk 0:07:24]} 31. Rxc6 {
[%clk 0:18:16]} 31... bxc6 {[%clk 0:07:54]} 32. Nc1 {[%clk 0:17:59]} 32... Qh4
{[%clk 0:06:24]} 33. g3 {[%clk 0:13:36]} 33... Qh3 {[%clk 0:06:21]} 34. Nd3 {
[%clk 0:12:31]} 34... h5 {[%clk 0:06:33]} 35. Qd1 {[%clk 0:12:31]} 35... Bxd3 {
[%clk 0:03:47]} 36. Qxd3 {[%clk 0:12:57]} 36... h4 {[%clk 0:03:38]} 1/2-1/2

[Event "DEM U18 2018"]
[Site "Willingen GER"]
[Date "2018.05.23"]
[Round "6"]
[White "Niermann, Tristan"]
[Black "Herbrig, Alexander"]
[Result "1-0"]
[Termination "normal"]
[Board "8"]
[WhiteTitle "FM"]
[WhiteElo "2327"]
[BlackElo "2270"]
[WhiteClock "00:01:51"]
[BlackClock "00:02:07"]
[PlyCount "69"]
[WhiteFideId "12990698"]
[BlackFideId "12952044"]
[EventCountry "GER"]
[EventRounds "9"]
[EventType "swiss"]
[EventDate "2018.05.19"]

1. d4 {[%clk 1:30:58]} 1... Nf6 {[%clk 1:30:51]} 2. Bf4 {[%clk 1:31:21]} 2...
d5 {[%clk 1:28:48]} 3. e3 {[%clk 1:31:43]} 3... e6 {[%clk 1:27:04]} 4. Nf3 {
[%clk 1:31:54]} 4... b6 {[%clk 1:25:28]} 5. c3 {[%clk 1:30:22]} 5... Bb7 {
[%clk 1:25:02]} 6. Nbd2 {[%clk 1:30:30]} 6... Be7 {[%clk 1:24:01]} 7. Bd3 {
[%clk 1:29:52]} 7... O-O {[%clk 1:20:54]} 8. Qe2 {[%clk 1:28:59]} 8... c5 {
[%clk 1:17:49]} 9. h4 {[%clk 1:28:28]} 9... Nbd7 {[%clk 1:11:55]} 10. Ne5 {
[%clk 1:27:39]} 10... Nxe5 {[%clk 1:07:22]} 11. Bxe5 {[%clk 1:26:40]} 11... Bd6
{[%clk 1:04:34]} 12. O-O-O {[%clk 1:19:40]} 12... Ne4 {[%clk 0:58:34]} 13. Bxe4
{[%clk 1:06:31]} 13... dxe4 {[%clk 0:58:24]} 14. Nc4 {[%clk 0:50:58]} 14...
Bxe5 {[%clk 0:56:33]} 15. dxe5 {[%clk 0:50:54]} 15... Qe7 {[%clk 0:51:57]} 16.
Nd6 {[%clk 0:36:12]} 16... Bc6 {[%clk 0:46:06]} 17. Qc2 {[%clk 0:28:46]} 17...
Qc7 {[%clk 0:41:55]} 18. g4 {[%clk 0:18:46]} 18... Rad8 {[%clk 0:37:38]} 19. g5
{[%clk 0:18:09]} 19... f6 {[%clk 0:36:16]} 20. gxf6 {[%clk 0:16:31]} 20... gxf6
{[%clk 0:33:59]} 21. Qe2 {[%clk 0:13:30]} 21... Kh8 {[%clk 0:29:50]} 22. Qh5 {
[%clk 0:12:13]} 22... Qe7 {[%clk 0:26:01]} 23. Rhg1 {[%clk 0:11:05]} 23... Be8
{[%clk 0:20:54]} 24. exf6 {[%clk 0:06:48]} 24... Qxf6 {[%clk 0:19:54]} 25. Nxe8
{[%clk 0:07:05]} 25... Rdxe8 {[%clk 0:18:43]} 26. Rd7 {[%clk 0:06:52]} 26...
Re7 {[%clk 0:18:39]} 27. Rgd1 {[%clk 0:06:22]} 27... Qf7 {[%clk 0:09:15]} 28.
Qe5+ {[%clk 0:02:42]} 28... Qg7 {[%clk 0:09:37]} 29. Qc7 {[%clk 0:02:14]} 29...
Rxd7 {[%clk 0:09:35]} 30. Rxd7 {[%clk 0:02:32]} 30... Qg1+ {[%clk 0:09:48]} 31.
Kc2 {[%clk 0:02:59]} 31... Qxf2+ {[%clk 0:09:44]} 32. Kb3 {[%clk 0:03:21]}
32... Qf5 {[%clk 0:08:35]} 33. a4 {[%clk 0:02:03]} 33... Qh5 {[%clk 0:03:03]}
34. Ka2 {[%clk 0:01:37]} 34... h6 {[%clk 0:02:07]} 35. Rh7+ {[%clk 0:01:51]}
1-0

[Event "DEM U18 2018"]
[Site "Willingen GER"]
[Date "2018.05.23"]
[Round "6"]
[White "Pallas, Sebastian"]
[Black "Oberhofer, Cédric"]
[Result "1-0"]
[Termination "normal"]
[Board "9"]
[WhiteElo "2291"]
[BlackElo "2158"]
[WhiteClock "00:28:15"]
[BlackClock "00:03:06"]
[PlyCount "81"]
[WhiteFideId "12905453"]
[BlackFideId "12941220"]
[EventCountry "GER"]
[EventRounds "9"]
[EventType "swiss"]
[EventDate "2018.05.19"]

1. e4 {[%clk 1:30:56]} 1... c5 {[%clk 1:30:53]} 2. Nf3 {[%clk 1:31:11]} 2...
Nc6 {[%clk 1:31:14]} 3. d4 {[%clk 1:31:12]} 3... cxd4 {[%clk 1:31:38]} 4. Nxd4
{[%clk 1:31:31]} 4... Qb6 {[%clk 1:32:00]} 5. Nb3 {[%clk 1:30:28]} 5... Nf6 {
[%clk 1:31:11]} 6. Nc3 {[%clk 1:30:06]} 6... e6 {[%clk 1:31:33]} 7. a3 { [%clk
1:20:26]} 7... a6 {[%clk 1:30:32]} 8. Be2 {[%clk 1:20:03]} 8... Qc7 { [%clk
1:29:04]} 9. O-O {[%clk 1:20:14]} 9... Be7 {[%clk 1:27:50]} 10. f4 { [%clk
1:18:06]} 10... d6 {[%clk 1:28:11]} 11. Bf3 {[%clk 1:15:38]} 11... O-O { [%clk
1:27:54]} 12. Qe1 {[%clk 1:08:41]} 12... b5 {[%clk 1:18:04]} 13. Qg3 { [%clk
1:01:15]} 13... Rb8 {[%clk 1:09:05]} 14. Be3 {[%clk 0:51:12]} 14... b4 { [%clk
1:01:33]} 15. axb4 {[%clk 0:50:55]} 15... Nxb4 {[%clk 1:01:54]} 16. Qf2 { [%clk
0:51:03]} 16... e5 {[%clk 0:51:16]} 17. Na5 {[%clk 0:42:01]} 17... Nc6 { [%clk
0:44:01]} 18. Nc4 {[%clk 0:40:38]} 18... Nd4 {[%clk 0:40:30]} 19. b3 { [%clk
0:35:05]} 19... Be6 {[%clk 0:32:53]} 20. Nd5 {[%clk 0:31:58]} 20... Nxf3+
{[%clk 0:31:42]} 21. Qxf3 {[%clk 0:32:13]} 21... Bxd5 {[%clk 0:30:35]} 22. exd5
{[%clk 0:32:31]} 22... Rb5 {[%clk 0:25:59]} 23. Rxa6 {[%clk 0:29:21]} 23...
Nxd5 {[%clk 0:21:53]} 24. Ra7 {[%clk 0:19:26]} 24... Qd8 {[%clk 0:19:58]} 25.
Kh1 {[%clk 0:15:44]} 25... Nxe3 {[%clk 0:17:54]} 26. Nxe3 {[%clk 0:16:09]}
26... exf4 {[%clk 0:16:11]} 27. Nd5 {[%clk 0:16:10]} 27... Bg5 {[%clk 0:15:59]}
28. c4 {[%clk 0:15:30]} 28... Rc5 {[%clk 0:15:38]} 29. Rfa1 {[%clk 0:14:36]}
29... Bf6 {[%clk 0:13:40]} 30. R1a2 {[%clk 0:10:37]} 30... Re8 {[%clk 0:12:20]}
31. Re2 {[%clk 0:10:37]} 31... Rxe2 {[%clk 0:10:10]} 32. Qxe2 {[%clk 0:11:04]}
32... Rc8 {[%clk 0:10:21]} 33. Qg4 {[%clk 0:09:17]} 33... Bg5 {[%clk 0:06:10]}
34. h4 {[%clk 0:06:02]} 34... Bxh4 {[%clk 0:06:09]} 35. Qxf4 {[%clk 0:03:36]}
35... Bf6 {[%clk 0:05:36]} 36. Qg4 {[%clk 0:03:35]} 36... Kf8 {[%clk 0:04:00]}
37. Nb6 {[%clk 0:03:01]} 37... Rb8 {[%clk 0:02:06]} 38. Nd7+ {[%clk 0:03:22]}
38... Kg8 {[%clk 0:02:31]} 39. Nxb8 {[%clk 0:03:45]} 39... Qxb8 {[%clk 0:02:59]
} 40. Qd7 {[%clk 0:03:39]} 40... h6 {[%clk 0:03:06]} 41. Rc7 {[%clk 0:28:15]}
1-0

[Event "DEM U18 2018"]
[Site "Willingen GER"]
[Date "2018.05.23"]
[Round "6"]
[White "Ortmeier, Leonhard"]
[Black "Fieberg, Samuel"]
[Result "0-1"]
[Termination "normal"]
[Board "10"]
[BlackTitle "FM"]
[WhiteElo "2141"]
[BlackElo "2248"]
[WhiteClock "00:17:04"]
[BlackClock "00:11:51"]
[PlyCount "78"]
[WhiteFideId "12993662"]
[BlackFideId "12901717"]
[EventCountry "GER"]
[EventRounds "9"]
[EventType "swiss"]
[EventDate "2018.05.19"]

1. e4 {[%clk 1:30:52]} 1... c5 {[%clk 1:30:56]} 2. Nf3 {[%clk 1:30:46]} 2... d6
{[%clk 1:31:19]} 3. Bb5+ {[%clk 1:31:07]} 3... Nc6 {[%clk 1:31:29]} 4. c3 {
[%clk 1:31:02]} 4... Bd7 {[%clk 1:29:13]} 5. O-O {[%clk 1:27:06]} 5... Nf6 {
[%clk 1:26:52]} 6. Re1 {[%clk 1:27:24]} 6... a6 {[%clk 1:24:44]} 7. Bf1 { [%clk
1:27:47]} 7... e5 {[%clk 1:12:44]} 8. h3 {[%clk 1:27:26]} 8... Ne7 { [%clk
1:11:12]} 9. d4 {[%clk 1:26:56]} 9... Ng6 {[%clk 1:11:34]} 10. dxe5 { [%clk
1:26:32]} 10... dxe5 {[%clk 1:11:26]} 11. a4 {[%clk 1:26:26]} 11... h6 { [%clk
1:05:17]} 12. Na3 {[%clk 1:25:37]} 12... Qc7 {[%clk 1:04:14]} 13. Nc4 { [%clk
1:23:37]} 13... Bc6 {[%clk 0:59:01]} 14. Qc2 {[%clk 1:22:06]} 14... b6 { [%clk
0:52:15]} 15. b3 {[%clk 1:19:29]} 15... Be7 {[%clk 0:52:03]} 16. Bb2 { [%clk
1:15:04]} 16... O-O {[%clk 0:51:27]} 17. a5 {[%clk 1:07:35]} 17... b5 { [%clk
0:44:25]} 18. Nb6 {[%clk 1:07:47]} 18... Ra7 {[%clk 0:39:19]} 19. c4 { [%clk
1:05:54]} 19... Nd7 {[%clk 0:38:03]} 20. Nd5 {[%clk 1:00:42]} 20... Qd6 { [%clk
0:38:29]} 21. Red1 {[%clk 0:55:52]} 21... Qe6 {[%clk 0:37:00]} 22. cxb5 { [%clk
0:31:52]} 22... axb5 {[%clk 0:37:22]} 23. Ra2 {[%clk 0:31:29]} 23... Rfa8
{[%clk 0:34:29]} 24. a6 {[%clk 0:29:13]} 24... Nf6 {[%clk 0:27:45]} 25. Nc3
25... Rxa6 {[%clk 0:22:07]} 26. Rxa6 {[%clk 0:22:28]} 26... Rxa6 { [%clk
0:22:33]} 27. Bxb5 {[%clk 0:21:49]} 27... Bxb5 {[%clk 0:22:40]} 28. Nxb5 {[%clk
0:22:02]} 28... Rb6 {[%clk 0:22:38]} 29. Qc4 {[%clk 0:21:24]} 29... Qc6 {[%clk
0:20:26]} 30. Na7 {[%clk 0:17:23]} 30... Qb7 {[%clk 0:18:39]} 31. Ra1 { [%clk
0:17:48]} 31... Rb4 {[%clk 0:14:50]} 32. Qc2 {[%clk 0:17:29]} 32... Rxb3 {[%clk
0:14:08]} 33. Bxe5 {[%clk 0:16:23]} 33... Rxf3 {[%clk 0:12:29]} 34. gxf3 {[%clk
0:16:51]} 34... Nxe5 {[%clk 0:12:51]} 35. Qc3 {[%clk 0:17:12]} 35... Ng6 {[%clk
0:12:14]} 36. Qc4 {[%clk 0:17:02]} 36... Qb2 {[%clk 0:11:32]} 37. Rc1 { [%clk
0:16:46]} 37... Ne5 {[%clk 0:11:20]} 38. Qc3 {[%clk 0:16:43]} 38... Nxf3+
{[%clk 0:11:43]} 39. Kg2 {[%clk 0:17:04]} 39... Nh4+ {[%clk 0:11:51]} 0-1